Normal view
MARC view
- Castilla, Miguel.
Entry Personal Name
001 - CONTROL NUMBER
- control field: 53551
003 - CONTROL NUMBER IDENTIFIER
- control field: OSt
005 - DATE AND TIME OF LATEST TRANSACTION
- control field: 20240228091108.0
008 - FIXED-LENGTH DATA ELEMENTS
- fixed length control field: 240228|| aca||aabn | a|a d
040 ## - CATALOGING SOURCE
- Original cataloging agency: OSt
- Transcribing agency: OSt
100 ## - HEADING--PERSONAL NAME
- Personal name: Castilla, Miguel.
- Relator term: author.
670 ## - SOURCE DATA FOUND
- Source citation: Work cat.: (OSt): Castilla, Miguel. author., Control scheme for negative sequence voltage compensation and current sharing in inverter-based grid-connected microgrids /, June 2022.
